MARC

LEADER 00000nam0a2200000 4500
001 100924
005 20231031112321.0
035 |a (RuTPU)RU\TPU\book\108631 
090 |a 100924 
100 |a 20060829d1968 m y0rusy50 ca 
101 0 |a rus 
102 |a RU 
105 |a a z 001zy 
200 1 |a Количественный химический анализ растительного сырья  |f В. И. Шарков, Н. И. Куйбина, Ю. П. Соловьева 
210 |a Москва  |c Лесная промышленность  |d 1968 
215 |a 59 с.  |c ил. 
320 |a Библиогр.: с. 59. 
610 1 |a растительное сырье 
610 1 |a химический анализ 
610 1 |a схемы 
675 |a 661.71.09  |v 3 
700 1 |a Шарков  |b В. И.  |g Василий Иванович 
701 1 |a Куйбина  |b Н. И.  |g Нина Ивановна 
701 1 |a Соловьева  |b Ю. П.  |g Юлия Петровна 
801 1 |a RU  |b 63413507  |c 20060829  |g PSBO 
801 2 |a RU  |b 63413507  |c 20070116  |g PSBO 
942 |c BK